<?xml version="1.0" encoding="UTF-8"?>
<record
    xmlns:xsi="http://www.w3.org/2001/XMLSchema-instance"
    xsi:schemaLocation="http://www.loc.gov/MARC21/slim http://www.loc.gov/standards/marcxml/schema/MARC21slim.xsd"
    xmlns="http://www.loc.gov/MARC21/slim">

  <leader>01932nam a22003731a 4500</leader>
  <controlfield tag="001">1769612</controlfield>
  <controlfield tag="005">20140108020003.0</controlfield>
  <controlfield tag="008">000510s2000    caua     b    001 0 eng c</controlfield>
  <datafield tag="020" ind1=" " ind2=" ">
    <subfield code="a">0787953377</subfield>
  </datafield>
  <datafield tag="035" ind1=" " ind2=" ">
    <subfield code="a">(OCoLC)ocm44020139</subfield>
  </datafield>
  <datafield tag="035" ind1=" " ind2=" ">
    <subfield code="a">(UISdb)365870</subfield>
  </datafield>
  <datafield tag="040" ind1=" " ind2=" ">
    <subfield code="a">ABC</subfield>
    <subfield code="c">ABC</subfield>
    <subfield code="d">XTA</subfield>
    <subfield code="d">NSB</subfield>
    <subfield code="d">UMC</subfield>
    <subfield code="d">IAI</subfield>
    <subfield code="d">UISdb</subfield>
  </datafield>
  <datafield tag="042" ind1=" " ind2=" ">
    <subfield code="a">pcc</subfield>
  </datafield>
  <datafield tag="043" ind1=" " ind2=" ">
    <subfield code="a">n-us---</subfield>
  </datafield>
  <datafield tag="049" ind1=" " ind2=" ">
    <subfield code="a">IAIA</subfield>
    <subfield code="r">REP</subfield>
  </datafield>
  <datafield tag="050" ind1=" " ind2=" ">
    <subfield code="a">LB1025.2</subfield>
    <subfield code="b">.N456 no.81</subfield>
  </datafield>
  <datafield tag="245" ind1="0" ind2="0">
    <subfield code="a">Strategies for energizing large classes :</subfield>
    <subfield code="b">from small groups to learning communities /</subfield>
    <subfield code="c">Jean MacGregor ... [et al.], editors.</subfield>
    <subfield code="h">[Text]</subfield>
  </datafield>
  <datafield tag="260" ind1=" " ind2=" ">
    <subfield code="a">San Francisco</subfield>
    <subfield code="b">Jossey-Bass</subfield>
    <subfield code="c">2000</subfield>
  </datafield>
  <datafield tag="300" ind1=" " ind2=" ">
    <subfield code="a">97 p. : ill. ; 23 cm.</subfield>
  </datafield>
  <datafield tag="440" ind1=" " ind2="0">
    <subfield code="a">The Jossey-Bass higher and adult education series</subfield>
  </datafield>
  <datafield tag="490" ind1="1" ind2=" ">
    <subfield code="a">New Testament readings</subfield>
    <subfield code="x">0271-0633 ;</subfield>
    <subfield code="v">no. 81 (Spring 2000)</subfield>
  </datafield>
  <datafield tag="504" ind1=" " ind2=" ">
    <subfield code="a">Includes bibliographical references and index.</subfield>
  </datafield>
  <datafield tag="505" ind1="0" ind2=" ">
    <subfield code="a">The argument for making large classes seem small / James L. Cooper, Pamela Robinson -- Getting started: informal small-group strategies in large classes / James L. Cooper, Pamela Robinson -- Going deeper: formal small-group learning in large classes / Karl A. Smith -- Restructuring large classes to create communities of learners / Jean MacGregor -- Implementing small-group instruction: insights from successful practitioners / James L. Cooper ... [et al.] -- Making small-group learning and learning communities a widespread reality / Karl A. Smith, Jean MacGregor.</subfield>
  </datafield>
  <datafield tag="650" ind1=" " ind2="0">
    <subfield code="a">Classical literature</subfield>
    <subfield code="x">Chronology</subfield>
  </datafield>
  <datafield tag="650" ind1=" " ind2="0">
    <subfield code="a">(Computer file) - Microsoft Excel</subfield>
  </datafield>
  <datafield tag="650" ind1=" " ind2="0">
    <subfield code="a">Classical biography</subfield>
  </datafield>
  <datafield tag="650" ind1=" " ind2="0">
    <subfield code="a">College teaching</subfield>
    <subfield code="z">United States</subfield>
  </datafield>
  <datafield tag="650" ind1=" " ind2="0">
    <subfield code="a">Interpretation, etc. - Bible. - O.T. - Judges X, 6-XII, 7 - Criticism</subfield>
  </datafield>
  <datafield tag="650" ind1=" " ind2="0">
    <subfield code="a">Teaching - History. - Christianity and other religions - Roman - Study</subfield>
  </datafield>
  <datafield tag="700" ind1="1" ind2=" ">
    <subfield code="a">MacGregor, Jean.</subfield>
  </datafield>
  <datafield tag="830" ind1=" " ind2="0">
    <subfield code="a">New directions for teaching and learning ;</subfield>
    <subfield code="v">no. 81</subfield>
  </datafield>
  <datafield tag="994" ind1=" " ind2=" ">
    <subfield code="a">02</subfield>
    <subfield code="b">IAI</subfield>
  </datafield>
  <datafield tag="942" ind1="0" ind2="0">
    <subfield code="0">1</subfield>
  </datafield>
  <datafield tag="999" ind1=" " ind2=" ">
    <subfield code="c">35562</subfield>
    <subfield code="d">35562</subfield>
  </datafield>
  <datafield tag="952" ind1=" " ind2=" ">
    <subfield code="0">0</subfield>
    <subfield code="1">0</subfield>
    <subfield code="2">lcc</subfield>
    <subfield code="4">0</subfield>
    <subfield code="7">0</subfield>
    <subfield code="8">GEN</subfield>
    <subfield code="a">CPL</subfield>
    <subfield code="b">CPL</subfield>
    <subfield code="c">GEN</subfield>
    <subfield code="d">2009-12-08</subfield>
    <subfield code="g">43.13</subfield>
    <subfield code="l">4</subfield>
    <subfield code="o">LB 1025.2 .N456 2000</subfield>
    <subfield code="p">R55483M3232</subfield>
    <subfield code="r">2019-09-02 00:00:00</subfield>
    <subfield code="s">2014-01-07</subfield>
    <subfield code="t">1</subfield>
    <subfield code="w">2009-12-08</subfield>
    <subfield code="y">BK</subfield>
  </datafield>
</record>
